| 000 | 00794nam a2200229Ia 4500 | ||
|---|---|---|---|
| 003 | OSt | ||
| 005 | 20250619153119.0 | ||
| 008 | 191128t2011 ck er 000 f spa d | ||
| 020 | _a9789589993545 | ||
| 040 |
_aCO-JMCR _cCO-JMCR |
||
| 041 | _aspa | ||
| 082 | 0 | 4 |
_aJ-N _bTURp |
| 100 | 1 |
_aTurguéniev, Iván Serguéievich, _d1818-1883 _eautor _98234 |
|
| 245 | 1 | 3 |
_aEl primer amor / _cIván Turguéniev ; Traducción de Julio Paredes |
| 250 | _aPrimera edición | ||
| 260 |
_aBogotá : _bIdartes, _c©2011 |
||
| 300 |
_a76 páginas ; _c17 cm. |
||
| 490 | 0 | _aLibro al viento | |
| 520 | _aNarrado bajo el esquema de una historia entre otra historia, con el recurso de la rememblanza de episodios íntimos, sucedidos en un tiempo pasado y lejano. | ||
| 650 | 1 | 4 |
_aNovela _98235 |
| 942 |
_2ddc _cBK |
||
| 999 |
_c4037 _d4037 |
||